Seventeen Quiz Kpop (real names) - Statistics

General Stats
  • This quiz has been taken 9,313 times
    9,309 since last reset
  • The average score is 11 of 13
Answer Stats
Hint Answer % Correct
Jeonghan Yoon Jeonghan
91%
Mingyu Kim Mingyu
90%
Seungkwan Boo Seungkwan
89%
Wonwoo Jeon Wonwoo
87%
The8 Xu Minghao
87%
S.Coups Choi Seungcheol
86%
Jun Wen Junhui
81%
Woozi Lee Jihoon
80%
Dino Lee Chan
78%
Vernon Hansol Vernon Chwe
76%
Hoshi Kwon Soonyoung
76%
Dokyum Lee Seokmin
76%
Joshua Hong Joshua Jisoo
72%
No matching quizzes found
Score Distribution
Percent of People with Each Score
Percentile by Number Answered
Your Score History
You have not taken this quiz since the last reset